Introductory Microeconomics Volume 1 (Record no. 43486)

MARC details
000 -LEADER
fixed length control field 00484nam a22001817a 4500
005 - DATE AND TIME OF LATEST TRANSACTION
control field 20250401102328.0
008 - FIXED-LENGTH DATA ELEMENTS--GENERAL INFORMATION
fixed length control field 250401b |||||||| |||| 00| 0 eng d
020 ## - INTERNATIONAL STANDARD BOOK NUMBER
International Standard Book Number 9781787151789
041 ## - LANGUAGE CODE
Language code of text/sound track or separate title eng
082 ## - DEWEY DECIMAL CLASSIFICATION NUMBER
Classification number 338.5 AND
100 ## - MAIN ENTRY--PERSONAL NAME
Author Anderson, Margaret
245 ## - TITLE STATEMENT
Title Introductory Microeconomics Volume 1
260 ## - PUBLICATION, DISTRIBUTION, ETC.
Place UK
Publisher Kruger Brentt Publisher
Publication Year 2023
300 ## - PHYSICAL DESCRIPTION
Extent 327;. pages; 25 cm
650 ## - SUBJECT ADDED ENTRY--TOPICAL TERM
Subject Microeconomics
700 ## - ADDED ENTRY--PERSONAL NAME
Co-Author Clark, Bryan and Qiu, Matthew
942 ## - ADDED ENTRY ELEMENTS (KOHA)
Koha item type Books
Holdings
Withdrawn status Lost status Source of classification or shelving scheme Damaged status Not for loan Home library Current library Shelving location Accession Date Vendor Price Bill number Total Checkouts Full call number Barcode No Date last seen Discount Bill Date Koha item type Suggested By
    Dewey Decimal Classification     IMTN IMTN Rack 11-B 03/26/2025 Raghav Books Private Limited 9905.70 2374   338.5 AND 33771 04/01/2025 33 02/14/2025 Books Dr. Veena Pailwar
Designed & Maintained by: LRC IMT Nagpur Contact: lrc@imtnag.ac.in© 2024. All Rights Reserved.